00799nam a2200265Ia 4500008004000000020001800040041000800058082001500066100002400081245006100105260003800166300001400204650001100218650001400229650001000243650001500253650001000268650000800278650000900286650001200295690001500307906001100322999001900333952018100352210210b1995 xxu||||| |||| 00| 0 eng d a9780786881260 aeng a158.4 JONJ aJONES (Laurie Beth) aJesus CEO: using ancient wisdom for visionary leadership aNew YorkbLaurie Beth Jonesc1995 axviii,316 awisdom avisionary ausing aleadership aJesus afor aCEO: aancient aLeadership a072918 c122854d122854 001040708GeneralaALbALcPsychologyd2021-02-17eNavakarnataka Publication Pvt Ltd Mangaloreg850.00l1o158.4 JONJp072918r2022-03-21 00:00:00s2021-12-08w2021-02-17yBK